Evaluación de alternativas técnicas para la disminución de la concentración de aluminio residual en el agua resultante del proceso de potabilizacion en la Planta Potabilizadora Tres Ríos

में बचाया:
ग्रंथसूची विवरण
मुख्य लेखक: Solis Castro, Yuliana
स्वरूप: पुस्तक
भाषा:Spanish
प्रकाशित: San José, Costa Rica 2015
विषय:
टैग: टैग जोड़ें
कोई टैग नहीं, इस रिकॉर्ड को टैग करने वाले पहले व्यक्ति बनें!

MARC

LEADER 00000nam a22000007a 4500
003 012311
005 20221231144028.0
008 160108b xxu||||| |||| 00| 0 spa d
040 |c cru CEDI  
090 |a TFG 7475 
100 |9 2580  |a Solis Castro, Yuliana 
245 |a Evaluación de alternativas técnicas para la disminución de la concentración de aluminio residual en el agua resultante del proceso de potabilizacion en la Planta Potabilizadora Tres Ríos  
260 |a San José, Costa Rica  |c 2015 
500 |a Proyecto de graduación (licenciatura en ingeniería química)--Universidad de Costa Rica. Facultad de Ingeniería. Escuela de Ingeniería Química 
651 |x TRATAMIENTO DEL AGUA  |x PROCESOS DE POTABILIZACION DEL AGUA - TRES RIOS (CARTAGO, COSTA RICA)  |x PURIFICACION DEL AGUA   |9 2581 
942 |c TFG 
999 |c 15837  |d 15837